Регионална библиотека "Любен Каравелов" - Русе

Супершпионин (Запис номер 20847)

MARC детайли
000 -Лидер
Контролно поле с фиксирана дължина 02316nam a2200457 c 4500
003 - Код на организацията, давaща контролен номер
Контролно поле BLK
005 - Дата и час на последна редакция
Контролно поле 20250724110657.0
008 - Елементи от данни с фиксирана дължина
fixed length control field 180413b bul|||||r ||||||| ||bul||
020 ## - Международен стандартен номер на книга ISBN
Международен стандартен номер на книга ISBN 9545280948
040 ## - Източник на каталожния запис
Идентификатор на билиотеката - собственик на записа BLK
041 ## - Код за език
Код за езика на текст/звукозапис или на отделно заглавие Български
Код за езика КДБФ Български
080 ## - УДК
Текстов определител УДК Шпионаж. Политическо влияние чрез тайни (разузнавателни) служби
УДК код - определител по УДК 327.84
УДК определител (430-11)(093.3)
УДК - код + определител 327.84(430-11)(093.3)
080 ## - УДК
Текстов определител УДК Органи на обществения ред. Полиция. Обществена власт. Доброволни отреди. Държавна сигурност. Милиция. Дейност на полицията по вътрешно разузнаване
УДК код - определител по УДК 351.74
УДК определител (430-11)(093.3)
УДК - код + определител 351.74(430-11)(093.3)
100 1# - Редна дума - Автор
Автор Волф, Маркус
Авторска отговорност първи автор
R(LIN) 265168
139 ## - Редно поле
Редна дума Волф, Маркус
Авторски знак Волт - В 83
245 10 - Сведения за заглавието
Заглавие Супершпионин
Подзаглавни данни Автобиогр. на супершпионина на комунизма
Редно поле (дума) Маркус Волф; съвм. с Ан Макелвой; прев. от англ. Георги Илиев.
257 ## - Страна на издаване
Страна на създаване/издаване Германия
260 ## - Област на издателските данни
Име на издателя, разпространителя и проч. Труд
Година на издаване 1998
Печатница София : Д. Благоев
300 ## - Физическа характеристика
Страници 398 с.
Размери/Мащаб 21 см
380 ## - Жанр
Жанр Обществени науки
490 ## - СЕРИИ (Колекции)
Име на серия Поредица Строго секретно
500 ## - Общи забележки
Забележка Прев. от англ. изд. Man Without a Face / Markus Wolf with Ane McElvoy ; Ориг. загл. на нем. ез. - 4 400 тир.
650 #4 - Допълнително описание по предмет – тема
Основно описание – тема или топоним Разузнаване - ГДР
9 (RLIN) 265169
650 #4 - Допълнително описание по предмет – тема
Основно описание – тема или топоним Държавна сигурност - ГДР
9 (RLIN) 265170
650 #4 - Допълнително описание по предмет – тема
Основно описание – тема или топоним Шпионаж и диверсия - ГДР - спомени
9 (RLIN) 265171
651 #4 - Допълнително описание по предмет - топоним
Географско понятие ГДР
9 (RLIN) 178750
651 #4 - Допълнително описание по предмет - топоним
Географско понятие Германия
9 (RLIN) 178754
653 ## - Ключова дума – ненормативна
Ключова дума шпионаж
653 ## - Ключова дума – ненормативна
Ключова дума разузнаване
653 ## - Ключова дума – ненормативна
Ключова дума държавна сигурност
653 ## - Ключова дума – ненормативна
Ключова дума спомени
700 1# - Други автори (авторска отговорност)
Лично име Макелвой, Ан
Автороска отговорност (Описва отношението между автора и произведението) съвм. с
9 (RLIN) 91193
700 1# - Други автори (авторска отговорност)
Лично име Илиев, Георги
Автороска отговорност (Описва отношението между автора и произведението) прев. от англ.
Друга информация Хаджиев, Георги Илиев
9 (RLIN) 364007
852 ## - Местоположение
Форматна сигнатура Цб 196951
856 4# - Електронен адрес и достъп
Електронен формат pdf - файл
Път до файла /url/
856 4# - Електронен адрес и достъп
Електронен формат pdf - файл
Път до файла /url/
942 ## - АРТИКУЛИ
Вид на библиотечния материал Книги
Скрит в OPAC Не
Koha issues (borrowed), all copies 12
944 ## - СЪЗДАВАНЕ И РЕДАКЦИЯ на ЗАПИСА
Създаване/Редакция Създаване
Дата на регистрацията/редакция 15.01.2003
Служител, извършил регистрацията/редакцията 30556
Статус, дата на статуса Теодора Пейчева-Дянкова
944 ## - СЪЗДАВАНЕ И РЕДАКЦИЯ на ЗАПИСА
Създаване/Редакция Редакция
Дата на регистрацията/редакция 17.10.2016
Служител, извършил регистрацията/редакцията Станимира_Цанева
999 ## - СИСТЕМНИ КОНТРОЛНИ НОМЕРА
Koha biblionumber 20847
Koha biblioitemnumber 20847
999 ## - СИСТЕМНИ КОНТРОЛНИ НОМЕРА
Koha biblioitemnumber 20847
Наличности
Код за отписване Код за изгубен артикул Източник на класификационната схема Код за повреда Коз за рестрикции Код за отдаване Артикулен № Име на библиотеката - собственик Име на библиотеката, в която се намира в момента Статус (Текущо местоположение) Дата на вписване в системата Местоположение - отдел Цена в лева Инвентарен номер Систематично азбучна сигнатура Баркод Номер на екземпляра Цена в евро Служебна бележка Служебен тип на артикула
Изтеглен Не е изгубен Universal Decimal Classification Не е повреден без рестрикции заемане за дома 34514 Регионална библиотека "Любен Каравелов" Русе Регионална библиотека "Любен Каравелов" Русе Заемна - подръчен фонд 2001-01-01 Заемна - подръчен фонд 5.50 640511 П 327.8(092)/В 83 640511 1 2.81 Дост: Pk Вид: Ф N: стар фонд Дата: 01.01.1998 Дата инв: 06.02.2018 Бележки инв: П2018 Книги
  Не е изгубен Universal Decimal Classification Не е повреден без рестрикции ползва се в читалня 34515 Регионална библиотека "Любен Каравелов" Русе Регионална библиотека "Любен Каравелов" Русе Хранилище 2001-01-01 Хранилище 5.50 642319 Цб 196951 120000642319 2 2.81 Дост: Dp Вид: Д N: стар фонд Дата: 01.01.1998 Книги
  Не е изгубен Universal Decimal Classification Не е повреден без рестрикции заемане за дома 34516 Регионална библиотека "Любен Каравелов" Русе Регионална библиотека "Любен Каравелов" Русе Заемна - подръчен фонд 2015-04-27 Заемна - подръчен фонд 18.00 120000787592 П 327.8(092)/В 83 120000787592 3 9.20 Дост: DA Вид: А N: 7 Дата: 27.04.2015 Дата инв: 12.10.2015 Бележки инв: П2015 Книги
  Не е изгубен Universal Decimal Classification Не е повреден   заемане за дома 934729 Регионална библиотека "Любен Каравелов" Русе Регионална библиотека "Любен Каравелов" Русе Заемна - подръчен фонд 2023-10-23 Заемна - подръчен фонд 5.90 120000893893 327.8/В 83 М 120000893893   3.02   Книги
Vip Innovations Ltd, Rousse, Bulgaria 2025